World Capitals Containing the Letter E - Statistics

General Stats
  • This quiz has been taken 5,216 times
    4,608 since last reset
  • The average score is 59 of 76
Answer Stats
Continent Capital % Correct
Europe Berlin
95%
Europe Bern
91%
Europe Helsinki
91%
North America Mexico City
91%
Europe Amsterdam
90%
Europe Athens
90%
Asia Beijing
90%
South America Buenos Aires
90%
Oceania Wellington
90%
Europe Bucharest
89%
Europe Budapest
89%
Oceania Canberra
89%
Europe Rome
89%
Africa Algiers
87%
Asia New Delhi
87%
Europe Vienna
86%
Europe Andorra la Vella
85%
Europe Brussels
85%
Europe Copenhagen
85%
Europe Reykjavik
85%
Europe Belgrade
84%
South America Georgetown
84%
Asia Seoul
84%
Europe Zagreb
84%
Asia Jerusalem
83%
South America Montevideo
83%
Europe Prague
83%
Europe Luxembourg
82%
Africa Pretoria
82%
Africa Cape Town
81%
Asia Tehran
81%
Asia Beirut
80%
North America Belmopan
80%
North America Guatemala City
79%
Europe Valletta
79%
Africa Freetown
78%
Asia Yerevan
78%
Oceania Port Moresby
77%
Europe Sarajevo
76%
Asia Singapore
76%
North America Port-au-Prince
75%
North America San Jose
75%
Europe Skopje
75%
Asia Tashkent
75%
Asia Vientiane
75%
Asia Bishkek
74%
Africa Brazzaville
74%
North America Bridgetown
74%
Asia Male
74%
North America Basseterre
73%
Africa Harare
73%
Africa Windhoek
73%
Asia Dushanbe
72%
North America Saint George's
72%
South America Sucre
72%
Africa Bloemfontein
71%
North America Tegucigalpa
71%
North America Castries
70%
Africa Lome
70%
Africa Libreville
69%
Asia Bandar Seri Begawan
68%
Africa Gaborone
68%
Asia Sri Jayawardenepura Kotte
68%
Asia Taipei
68%
North America Roseau
67%
Africa Sao Tome
67%
Oceania Yaren
67%
Asia Phnom Penh
66%
Africa Maseru
65%
Africa Yaounde
65%
Africa Lilongwe
64%
Africa Gitega
63%
Africa Mbabane
62%
Africa N'djamena
62%
Africa Niamey
62%
Oceania Ngerulmud
61%
No matching quizzes found
Score Distribution
Percent of People with Each Score
Percentile by Number Answered
Your Score History
You have not taken this quiz since the last reset